Class in English history, 1680-1850 /

Bibliographic Details
Main Author: Neale, R. S.
Format: Book
Language:English
Published: Totowa, N.J. : Barnes and Noble, 1981.
Subjects:

MARC

Tag First Indicator Second Indicator Subfields
LEADER 00000cam a2200000 a 4500
001 in00000092496
005 20151008064233.0
008 810407s1981 njua b 00110 eng d
020 |a 0389201774 
035 |a (OCoLC)07313618 
035 |9 AAK3796AM 
040 |a PBU  |c PBU  |d TXA  |d UtOrBLW 
049 |a TXAM  |c [801010] 
082 0 |a 301/.44/0942 
090 |a HN400.S6  |b N42 1981a 
100 1 |a Neale, R. S. 
245 1 0 |a Class in English history, 1680-1850 /  |c R.S. Neale. 
264 1 |a Totowa, N.J. :  |b Barnes and Noble,  |c 1981. 
300 |a vi, 250 pages :  |b illustrations ;  |c 24 cm. 
336 |a text  |b txt  |2 rdacontent 
337 |a unmediated  |b n  |2 rdamedia 
338 |a volume  |b nc  |2 rdacarrier 
504 |a Includes bibliographical references and index. 
650 0 |a Social classes  |z England  |x History. 
999 |a MARS 
999 f f |s fc4ef23b-591a-300c-b0ae-aaa0ac43a87a  |i 902c149b-e11b-3a78-a38e-b9146af3281e  |t 0 
952 f f |p ric  |a Texas A&M University  |b Rellis Campus  |c Joint Library Facility  |d Remote Storage  |t 0  |e HN400.S6 N42 1981a  |h Library of Congress classification  |i unmediated -- volume  |m A14806141089 
998 f f |a HN400.S6 N42 1981a  |t 0  |l Remote Storage